000 00312pab a2200121 454500
008 180718b xxu||||| |||| 00| 0 eng d
100 _aMacEwan Arthur
245 _aGlobalisation and stagnation
362 _a32(25), 7 May 1994, p.15-19,27
650 _aEconomic Development
773 _aMainstream
909 _a26679
999 _c26679
_d26679